[Event "DEM U18 2014"]
[Site "Magdeburg GER"]
[Date "2014.06.13"]
[Round "8"]
[White "Grötzbach, Julian"]
[Black "Gibicar, Danijel"]
[Result "1/2-1/2"]
[Termination "normal"]
[Board "4"]
[WhiteElo "2197"]
[BlackElo "2181"]
[WhiteClock "00:15:58"]
[BlackClock "00:03:06"]
[PlyCount "45"]
[WhiteFideId "24600938"]
[BlackFideId "24660256"]
[EventCountry "GER"]
[EventRounds "9"]
[EventType "swiss"]
[EventDate "2014.06.07"]

1. e4 e6 2. d4 d5 3. Nd2 a6 4. Ngf3 c5 5. exd5 exd5 6. dxc5 Bxc5 7. Nb3 Bb6 8.
Be2 Nf6 9. O-O h6 10. c3 O-O 11. Bf4 Nc6 12. Qc2 Ne4 13. Bd3 Re8 14. Rae1 Qf6
15. Bg3 Bf5 16. Nbd2 Nxg3 17. hxg3 Bg4 18. Rxe8+ Rxe8 19. Nh2 Be6 20. Nhf3 Bg4
21. Nh2 Be6 22. Nhf3 Bg4 23. Nh2 1/2-1/2

[Event "DEM U18 2014"]
[Site "Magdeburg GER"]
[Date "2014.06.13"]
[Round "8"]
[White "Möhn, Hans"]
[Black "Noe, Christopher"]
[Result "1/2-1/2"]
[Termination "normal"]
[Board "5"]
[BlackTitle "FM"]
[WhiteElo "2222"]
[BlackElo "2328"]
[WhiteClock "00:28:49"]
[BlackClock "00:39:06"]
[PlyCount "82"]
[WhiteFideId "24647837"]
[BlackFideId "24692018"]
[EventCountry "GER"]
[EventRounds "9"]
[EventType "swiss"]
[EventDate "2014.06.07"]

1. d4 d5 2. c4 dxc4 3. Nf3 Nf6 4. e3 e6 5. Bxc4 a6 6. O-O b5 7. Be2 Bb7 8. a4
b4 9. Nbd2 Nbd7 10. Nc4 Be7 11. Nfe5 c5 12. Bf3 Qc7 13. Nxd7 Nxd7 14. d5 exd5
15. Bxd5 Bxd5 16. Qxd5 O-O 17. b3 Bf6 18. Rb1 Rad8 19. Qe4 Bc3 20. Qf4 Qxf4 21.
exf4 Nf6 22. Be3 Bd4 23. Rfe1 Nd5 24. Bxd4 cxd4 25. g3 Nc3 26. Rb2 Rd7 27. Rd2
Rfd8 28. Nb6 Rd6 29. Nc4 Re6 30. Rxe6 fxe6 31. f3 Kf7 32. Ne5+ Kf6 33. Kf2 Rd6
34. Nc4 Rd5 35. Ne5 Rxe5 36. fxe5+ Kxe5 37. Rd3 Kd5 38. Ke1 e5 39. Kd2 e4 40.
fxe4+ Kxe4 41. g4 Nb1+ 1/2-1/2

[Event "DEM U18 2014"]
[Site "Magdeburg GER"]
[Date "2014.06.13"]
[Round "8"]
[White "Zimmermann, Christian"]
[Black "Krause, Benedict"]
[Result "0-1"]
[Termination "normal"]
[Board "6"]
[WhiteElo "2068"]
[BlackElo "2255"]
[WhiteClock "00:03:27"]
[BlackClock "00:16:54"]
[PlyCount "58"]
[WhiteFideId "24692069"]
[BlackFideId "12917990"]
[EventCountry "GER"]
[EventRounds "9"]
[EventType "swiss"]
[EventDate "2014.06.07"]

1. e4 c5 2. Nf3 e6 3. d4 cxd4 4. Nxd4 Nc6 5. Nc3 Nf6 6. Ndb5 Bc5 7. Nd6+ Ke7 8.
Nc4 d5 9. exd5 exd5 10. Qe2+ Be6 11. Na3 Qb6 12. Nab1 Rhe8 13. Qb5 Bxf2+ 14.
Kd1 Qc7 15. Bg5 Qe5 16. Bxf6+ gxf6 17. Be2 Kf8 18. Nd2 Nd4 19. Qb4+ Kg7 20. Nf3
Nxf3 21. Bxf3 Rac8 22. Ne2 Rc4 23. Qb3 Bf5 24. c3 Be4 25. Ng3 Bxg3 26. hxg3
Qxg3 27. Be2 Qxg2 28. Kd2 Qg5+ 29. Kd1 Bxh1 0-1

[Event "DEM U18 2014"]
[Site "Magdeburg GER"]
[Date "2014.06.13"]
[Round "8"]
[White "Stahnecker, Ludwig"]
[Black "Grimm, Julius"]
[Result "1/2-1/2"]
[Termination "normal"]
[Board "7"]
[WhiteElo "2126"]
[BlackElo "1959"]
[WhiteClock "00:20:57"]
[BlackClock "00:02:15"]
[PlyCount "75"]
[WhiteFideId "24692026"]
[BlackFideId "12916986"]
[EventCountry "GER"]
[EventRounds "9"]
[EventType "swiss"]
[EventDate "2014.06.07"]

1. e4 c6 2. d4 d5 3. exd5 cxd5 4. c4 Nf6 5. Nc3 Nc6 6. Nf3 Bg4 7. cxd5 Nxd5 8.
Qb3 Bxf3 9. gxf3 e6 10. Qxb7 Nxd4 11. Bb5+ Nxb5 12. Qc6+ Ke7 13. Qxb5 Qd7 14.
Nxd5+ Qxd5 15. Qxd5 exd5 16. Be3 Ke6 17. O-O-O Bb4 18. Rhg1 g6 19. Rg4 Rhc8+
20. Kb1 Bc5 21. Ra4 Bxe3 22. fxe3 a5 23. Rd3 Rc5 24. Rb3 Ra7 25. Rb6+ Kf5 26.
b4 Rc4 27. Kb2 Rac7 28. Rxa5 Rc2+ 29. Kb3 R7c3+ 30. Ka4 Rxa2+ 31. Kb5 Rxa5+ 32.
bxa5 Rxe3 33. a6 Ra3 34. Rd6 Ke5 35. Rd8 d4 36. f4+ Ke4 37. Kb6 d3 38. a7
1/2-1/2

[Event "DEM U18 2014"]
[Site "Magdeburg GER"]
[Date "2014.06.13"]
[Round "8"]
[White "Galkin, Wladislaw"]
[Black "Pixa, Richard"]
[Result "0-1"]
[Termination "normal"]
[Board "9"]
[WhiteElo "2109"]
[BlackElo "1957"]
[PlyCount "48"]
[WhiteFideId "4603192"]
[BlackFideId "4626095"]
[EventCountry "GER"]
[EventRounds "9"]
[EventType "swiss"]
[EventDate "2014.06.07"]

1. c4 e6 2. d4 d5 3. Nf3 c6 4. Qc2 Nd7 5. Bf4 Ngf6 6. e3 Be7 7. h3 O-O 8. a3
Ne4 9. Nc3 f5 10. Ne5 Bh4 11. Nxe4 fxe4 12. g3 Be7 13. Nxd7 Bxd7 14. Bg2 Qa5+
15. Qd2 Qxd2+ 16. Kxd2 g5 17. c5 gxf4 18. exf4 b6 19. b4 Rfb8 20. Rhb1 Bf6 21.
Ke3 Rb7 22. Rc1 a5 23. b5 bxc5 24. Rxc5 Rxb5 0-1

[Event "DEM U18 2014"]
[Site "Magdeburg GER"]
[Date "2014.06.13"]
[Round "8"]
[White "Moritz, Aron"]
[Black "Ruff, Maximilian"]
[Result "1/2-1/2"]
[Termination "normal"]
[Board "10"]
[WhiteElo "2183"]
[BlackElo "2166"]
[PlyCount "65"]
[WhiteFideId "24672319"]
[BlackFideId "1271670"]
[EventCountry "GER"]
[EventRounds "9"]
[EventType "swiss"]
[EventDate "2014.06.07"]

1. e4 e5 2. Nf3 Nc6 3. Bb5 a6 4. Ba4 Nf6 5. O-O Be7 6. Re1 b5 7. Bb3 d6 8. a4
Bb7 9. d3 Na5 10. Ba2 c5 11. Nbd2 O-O 12. c3 Re8 13. Nf1 Bf8 14. Ng3 g6 15. Bg5
Bg7 16. axb5 axb5 17. Qd2 Rc8 18. h4 Qc7 19. h5 c4 20. Rad1 Rcd8 21. d4 Nc6 22.
d5 Nb8 23. Bb1 Nbd7 24. Nh4 Ra8 25. Bh6 Bh8 26. Qg5 Nf8 27. Nhf5 Qd8 28. hxg6
fxg6 29. Ne3 N6d7 30. Qg4 Nf6 31. Qg5 N6d7 32. Qg4 Nf6 33. Qg5 1/2-1/2

[Event "DEM U18 2014"]
[Site "Magdeburg GER"]
[Date "2014.06.13"]
[Round "8"]
[White "Meyers, Mark"]
[Black "Humburg, Philipp"]
[Result "1/2-1/2"]
[Termination "normal"]
[Board "11"]
[WhiteElo "1987"]
[BlackElo "2102"]
[PlyCount "122"]
[WhiteFideId "12927716"]
[BlackFideId "24656151"]
[EventCountry "GER"]
[EventRounds "9"]
[EventType "swiss"]
[EventDate "2014.06.07"]

1. c4 Nf6 2. g3 e5 3. Nc3 Bb4 4. Bg2 O-O 5. Nf3 Bxc3 6. bxc3 e4 7. Nd4 d6 8.
Ba3 Nbd7 9. O-O Re8 10. d3 Nc5 11. Bxc5 dxc5 12. Nb3 Qe7 13. d4 b6 14. e3 Bg4
15. Qc2 Qe6 16. Nd2 Rad8 17. Qa4 a5 18. Nb3 Be2 19. Rfc1 Qxc4 20. Qxc4 Bxc4 21.
Nd2 Ba6 22. Rc2 Bd3 23. Rb2 cxd4 24. cxd4 Nd5 25. Rc1 Rd6 26. Bh3 g6 27. a3 Kg7
28. Bf1 Bxf1 29. Kxf1 f6 30. Rbc2 Kf7 31. Nb1 Re7 32. Nc3 Nxc3 33. Rxc3 Rdd7
34. Rc6 f5 35. h4 Ke8 36. Ke2 Kd8 37. h5 g5 38. a4 f4 39. gxf4 gxf4 40. h6 f3+
41. Kd2 Rd5 42. Rg1 Rd6 43. Rxd6+ cxd6 44. Rg5 Rf7 45. Kc3 Rf6 46. Rg4 Ke7 47.
Rg7+ Rf7 48. Rg5 Kf6 49. Rb5 Rc7+ 50. Kd2 Rc6 51. d5 Rc5 52. Rxb6 Rxd5+ 53. Kc3
Kg6 54. Rb5 Rd3+ 55. Kc2 Kxh6 56. Rxa5 Kg6 57. Ra8 d5 58. a5 d4 59. exd4 e3 60.
fxe3 f2 61. Rf8 Rxe3 1/2-1/2

[Event "DEM U18 2014"]
[Site "Magdeburg GER"]
[Date "2014.06.13"]
[Round "8"]
[White "Holle, Cedric"]
[Black "Brinkmann, Fabian"]
[Result "0-1"]
[Termination "normal"]
[Board "13"]
[WhiteElo "1964"]
[BlackElo "1821"]
[PlyCount "78"]
[WhiteFideId "24692158"]
[BlackFideId "24661414"]
[EventCountry "GER"]
[EventRounds "9"]
[EventType "swiss"]
[EventDate "2014.06.07"]

1. e4 c6 2. d4 d5 3. e5 Bf5 4. Nf3 e6 5. Be2 Ne7 6. Nbd2 Bg6 7. O-O Nf5 8. Nb3
Be7 9. a4 O-O 10. a5 Nd7 11. c4 dxc4 12. Bxc4 Qc7 13. Bf4 Rfd8 14. g4 Nh6 15.
h3 Nc5 16. Qc1 Nxb3 17. Bxb3 Be4 18. Nd2 Bd3 19. Rd1 Rxd4 20. Nf3 Rd7 21. Bxh6
gxh6 22. Qxh6 Rad8 23. Qf4 c5 24. Ng5 Bg6 25. Rxd7 Qxd7 26. Rd1 Qc7 27. Rxd8+
Qxd8 28. Nxe6 fxe6 29. Bxe6+ Kg7 30. a6 b5 31. Qe3 Qd4 32. Qxd4 cxd4 33. f4 Bc2
34. Kf2 d3 35. Bf5 Bc5+ 36. Kf1 Be3 37. e6 h6 38. g5 hxg5 39. fxg5 Bxg5 0-1

[Event "DEM U18 2014"]
[Site "Magdeburg GER"]
[Date "2014.06.13"]
[Round "8"]
[White "Urban, Lars"]
[Black "Weber, Daniel"]
[Result "0-1"]
[Termination "normal"]
[Board "14"]
[WhiteElo "2119"]
[BlackElo "2007"]
[PlyCount "80"]
[WhiteFideId "4644034"]
[BlackFideId "24615498"]
[EventCountry "GER"]
[EventRounds "9"]
[EventType "swiss"]
[EventDate "2014.06.07"]

1. d4 d5 2. c4 e6 3. Nc3 c5 4. e3 Nf6 5. Nf3 dxc4 6. Bxc4 a6 7. a4 Nc6 8. O-O
Be7 9. dxc5 Qxd1 10. Rxd1 Bxc5 11. h3 O-O 12. e4 h6 13. Bf4 Re8 14. e5 Nd7 15.
Ne4 Bf8 16. Nd6 Rd8 17. Ne4 g5 18. Bg3 Bg7 19. Nc3 Rf8 20. Re1 Nb6 21. Bb3 Na5
22. Bc2 Bd7 23. b4 Rac8 24. bxa5 Rxc3 25. Be4 Nd5 26. Reb1 Bc6 27. Nd4 Rc4 28.
Nxc6 bxc6 29. Bd3 Rc5 30. Bxa6 Rxa5 31. Bb7 Nc3 32. Rb2 Rb8 33. Rc2 Rc5 34.
Rac1 Ne2+ 35. Kh2 Rxc2 36. Rxc2 Nxg3 37. Bxc6 Nf5 38. Rc5 Rc8 39. a5 Nd4 40. a6
Nxc6 0-1

[Event "DEM U18 2014"]
[Site "Magdeburg GER"]
[Date "2014.06.13"]
[Round "8"]
[White "Tennert, Simon"]
[Black "Adiyaman, Rene"]
[Result "1-0"]
[Termination "normal"]
[Board "15"]
[WhiteElo "2190"]
[BlackElo "1837"]
[PlyCount "143"]
[WhiteFideId "1270445"]
[BlackFideId "12910414"]
[EventCountry "GER"]
[EventRounds "9"]
[EventType "swiss"]
[EventDate "2014.06.07"]

1. e4 e5 2. Nf3 Nc6 3. Bc4 Bc5 4. O-O d6 5. h3 Nf6 6. d3 h6 7. c3 Bb6 8. Bb3
Ne7 9. a4 c6 10. Nbd2 Ng6 11. d4 O-O 12. Re1 Re8 13. dxe5 Nxe5 14. Bc2 Nfd7 15.
Nf1 Qf6 16. Nd4 Ng6 17. Nf5 Nh4 18. N1g3 Nxf5 19. Nxf5 Ne5 20. Nd4 g5 21. a5
Bc7 22. Qh5 Kh7 23. h4 g4 24. Bg5 Qg7 25. Nf5 Bxf5 26. exf5 f6 27. Bf4 d5 28.
Bxe5 Bxe5 29. g3 Re7 30. Qg6+ Kh8 31. Ra4 Rg8 32. Rxg4 Qxg6 33. fxg6 Kg7 34.
Kf1 Rge8 35. Ra4 Bc7 36. Rxe7+ Rxe7 37. Ra1 b6 38. a6 c5 39. Rd1 Rd7 40. Bf5
Rd8 41. Re1 Bd6 42. Re6 b5 43. Ke2 c4 44. h5 b4 45. f4 bxc3 46. bxc3 Bc5 47.
Kf3 Bf8 48. Rc6 Bd6 49. Ke3 Kf8 50. Be6 Be7 51. Rc7 f5 52. Bxf5 Re8 53. Kd2 d4
54. Rxc4 dxc3+ 55. Kxc3 Bd8 56. Kd3 Bb6 57. Be4 Kg7 58. Rc6 Rd8+ 59. Ke2 Rd4
60. Bd3 Rd7 61. Bc4 Rc7 62. Rxc7+ Bxc7 63. Kf3 Kf6 64. g4 Bb6 65. g5+ Kg7 66.
Kg4 Bd4 67. Kf5 Be3 68. gxh6+ Kxh6 69. Kf6 Bxf4 70. g7 Be5+ 71. Kxe5 Kxg7 72.
Kd6 1-0

[Event "DEM U18 2014"]
[Site "Magdeburg GER"]
[Date "2014.06.14"]
[Round "9"]
[White "Lampert, Jonas"]
[Black "Müller, Nick"]
[Result "1/2-1/2"]
[Termination "normal"]
[Board "1"]
[WhiteElo "2397"]
[BlackElo "2120"]
[WhiteClock "00:18:02"]
[BlackClock "00:22:35"]
[PlyCount "57"]
[WhiteFideId "1303759"]
[BlackFideId "24692093"]
[EventCountry "GER"]
[EventRounds "9"]
[EventType "swiss"]
[EventDate "2014.06.07"]

1. d4 d5 2. c4 dxc4 3. Nf3 Nf6 4. e3 e6 5. Bxc4 c5 6. Qe2 a6 7. dxc5 Bxc5 8.
O-O O-O 9. a3 b5 10. Bd3 Bb7 11. Rd1 Qe7 12. b4 Bb6 13. Bb2 Nbd7 14. Ne5 Nxe5
15. Bxe5 Rfd8 16. Nd2 Rac8 17. Nb3 Bd5 18. Nd2 Bb7 19. h3 Nd5 20. Rac1 f6 21.
Bb2 Rxc1 22. Rxc1 Qd7 23. Be4 Ne7 24. Bxb7 Qxb7 25. Qf3 Qxf3 26. Nxf3 e5 27.
Kf1 Kf7 28. Ke2 Ke6 29. Nd2 1/2-1/2

[Event "DEM U18 2014"]
[Site "Magdeburg GER"]
[Date "2014.06.14"]
[Round "9"]
[White "Powierski, Emil"]
[Black "Ott, Florian"]
[Result "1/2-1/2"]
[Termination "normal"]
[Board "2"]
[WhiteElo "2286"]
[BlackElo "2133"]
[WhiteClock "00:22:19"]
[BlackClock "00:24:49"]
[PlyCount "103"]
[WhiteFideId "4656199"]
[BlackFideId "12900281"]
[EventCountry "GER"]
[EventRounds "9"]
[EventType "swiss"]
[EventDate "2014.06.07"]

1. e4 c5 2. Nf3 d6 3. d4 cxd4 4. Nxd4 Nf6 5. Nc3 a6 6. Be2 e5 7. Nb3 Be7 8. O-O
O-O 9. Be3 Be6 10. Qd3 Qc7 11. Nd5 Nxd5 12. exd5 Bc8 13. c4 Nd7 14. Qd2 a5 15.
Nc1 f5 16. f3 Nc5 17. Nd3 b6 18. Kh1 Bf6 19. Bd1 Bd7 20. Bc2 Rfe8 21. Rae1 e4
22. Nxc5 bxc5 23. fxe4 fxe4 24. b3 a4 25. Bg5 Bxg5 26. Qxg5 axb3 27. axb3 Re5
28. Qf4 Bf5 29. Bxe4 Qe7 30. Bxf5 Rxe1 31. Be6+ Rxe6 32. dxe6 Qxe6 33. h3 Rb8
34. Rd1 Rb6 35. Qg5 Rb8 36. Rd3 h6 37. Qf4 Rf8 38. Qg3 Rf6 39. Kh2 Kh7 40. Re3
Qf5 41. Rd3 Rg6 42. Qe3 Re6 43. Qf3 Qxf3 44. Rxf3 Kg6 45. Kg3 Re4 46. Rd3 Re6
47. Rf3 Re4 48. Rd3 Re6 49. Kf4 Kf7 50. Kf5 Rf6+ 51. Ke4 Ke6 52. Rg3 1/2-1/2

[Event "DEM U18 2014"]
[Site "Magdeburg GER"]
[Date "2014.06.14"]
[Round "9"]
[White "Krause, Benedict"]
[Black "Carow, Johannes"]
[Result "0-1"]
[Termination "normal"]
[Board "3"]
[BlackTitle "FM"]
[WhiteElo "2255"]
[BlackElo "2393"]
[WhiteClock "00:02:52"]
[BlackClock "00:03:44"]
[PlyCount "74"]
[WhiteFideId "12917990"]
[BlackFideId "24692050"]
[EventCountry "GER"]
[EventRounds "9"]
[EventType "swiss"]
[EventDate "2014.06.07"]

1. e4 c5 2. Nf3 Nc6 3. Bb5 e6 4. Bxc6 bxc6 5. b3 d5 6. Qe2 Ne7 7. d3 Ng6 8. O-O
Bd6 9. e5 Be7 10. Nc3 f6 11. Bb2 O-O 12. Na4 Bd7 13. Rae1 Rf7 14. Ba3 Qf8 15.
Qe3 d4 16. Qd2 Rb8 17. Qa5 Rb5 18. Qxa7 Qd8 19. exf6 gxf6 20. Bxc5 e5 21. Bxe7
Rxe7 22. c4 Rb8 23. Qc5 Nf4 24. Nb2 Rg7 25. g3 Qe8 26. Nxe5 fxe5 27. Qxe5 Qf8
28. Re4 Nh3+ 29. Kg2 Re8 30. Qxd4 Rxe4 31. Qxe4 Ng5 32. Qe2 Bh3+ 33. Kh1 Bxf1
34. Qxf1 Qf3+ 35. Qg2 Re7 36. Qxf3 Nxf3 37. Kg2 Nd4 0-1

[Event "DEM U18 2014"]
[Site "Magdeburg GER"]
[Date "2014.06.14"]
[Round "9"]
[White "Grötzbach, Julian"]
[Black "Yankelevich, Lev"]
[Result "1/2-1/2"]
[Termination "normal"]
[Board "4"]
[WhiteElo "2197"]
[BlackElo "2343"]
[WhiteClock "00:09:58"]
[BlackClock "00:04:40"]
[PlyCount "56"]
[WhiteFideId "24600938"]
[BlackFideId "24684074"]
[EventCountry "GER"]
[EventRounds "9"]
[EventType "swiss"]
[EventDate "2014.06.07"]

1. d4 Nf6 2. c4 g6 3. Nc3 Bg7 4. e4 d6 5. f4 O-O 6. Nf3 Na6 7. Be2 e5 8. fxe5
dxe5 9. Nxe5 c5 10. d5 Nxe4 11. Nxe4 Qh4+ 12. Nf2 Bxe5 13. g3 Qe7 14. O-O f5
15. Nd3 Bd4+ 16. Kg2 g5 17. Re1 Qg7 18. Bf3 Bd7 19. d6 Rae8 20. Bxb7 f4 21.
Rxe8 Bxe8 22. Bd5+ Kh8 23. Qe2 Bf7 24. Qe7 Bf6 25. Qb7 f3+ 26. Bxf3 Bxc4 27.
Qxg7+ Kxg7 28. Nf2 Nb4 1/2-1/2

[Event "DEM U18 2014"]
[Site "Magdeburg GER"]
[Date "2014.06.14"]
[Round "9"]
[White "Noe, Christopher"]
[Black "Pixa, Richard"]
[Result "1-0"]
[Termination "normal"]
[Board "5"]
[WhiteTitle "FM"]
[WhiteElo "2328"]
[BlackElo "1957"]
[WhiteClock "00:22:47"]
[BlackClock "00:14:50"]
[PlyCount "61"]
[WhiteFideId "24692018"]
[BlackFideId "4626095"]
[EventCountry "GER"]
[EventRounds "9"]
[EventType "swiss"]
[EventDate "2014.06.07"]

1. c4 e6 2. Nf3 d5 3. e3 Nf6 4. b3 Be7 5. Bb2 O-O 6. Be2 c5 7. O-O Nc6 8. cxd5
exd5 9. d4 Bg4 10. Nbd2 Qb6 11. dxc5 Bxc5 12. Bxf6 gxf6 13. Nh4 Be6 14. Bd3 Ne5
15. Bf5 Kh8 16. Qh5 Bxf5 17. Nxf5 Rg8 18. Nf3 Qe6 19. Rfd1 Rg6 20. Rac1 Bb6 21.
N5d4 Qe7 22. Nf5 Qe6 23. N3d4 Qd7 24. Ng3 Rag8 25. Qf5 Qe7 26. Rc8 Ng4 27.
Rxg8+ Rxg8 28. Qxd5 Nxe3 29. fxe3 Qxe3+ 30. Kh1 Rd8 31. Ndf5 1-0

[Event "DEM U18 2014"]
[Site "Magdeburg GER"]
[Date "2014.06.14"]
[Round "9"]
[White "Grimm, Julius"]
[Black "Möhn, Hans"]
[Result "0-1"]
[Termination "normal"]
[Board "6"]
[WhiteElo "1959"]
[BlackElo "2222"]
[WhiteClock "00:10:50"]
[BlackClock "00:17:59"]
[PlyCount "92"]
[WhiteFideId "12916986"]
[BlackFideId "24647837"]
[EventCountry "GER"]
[EventRounds "9"]
[EventType "swiss"]
[EventDate "2014.06.07"]

1. d4 Nf6 2. c4 e6 3. Nc3 Bb4 4. e3 O-O 5. Nge2 d5 6. a3 Be7 7. cxd5 exd5 8.
Nf4 Re8 9. Bd3 Bd6 10. O-O Bxf4 11. exf4 Nc6 12. Ne2 Ne4 13. f3 Nd6 14. b3 h5
15. Bb2 Qf6 16. Qd2 Ne7 17. Rfe1 Nef5 18. Ng3 Rxe1+ 19. Rxe1 Nxg3 20. hxg3 Bf5
21. Re5 c6 22. a4 Qg6 23. Rxf5 Nxf5 24. Qc2 Qxg3 25. Bxf5 Re8 26. Bc3 Qxf4 27.
Bd3 h4 28. Qd2 Qe3+ 29. Kh2 Re6 30. Bf5 Qxd2 31. Bxd2 Re2 32. Bf4 Rb2 33. Bb8
g6 34. Bc8 a5 35. Bc7 Rxb3 36. Bxa5 b6 37. Be1 c5 38. dxc5 bxc5 39. a5 d4 40.
a6 c4 41. Bb7 Ra3 42. Kg1 c3 43. Kf2 Ra2+ 44. Kf1 Kh7 45. Bxh4 d3 46. Bg5 Ra1+
0-1

[Event "DEM U18 2014"]
[Site "Magdeburg GER"]
[Date "2014.06.14"]
[Round "9"]
[White "Gibicar, Danijel"]
[Black "Moritz, Aron"]
[Result "0-1"]
[Termination "normal"]
[Board "7"]
[WhiteElo "2181"]
[BlackElo "2183"]
[WhiteClock "00:01:13"]
[BlackClock "00:04:57"]
[PlyCount "108"]
[WhiteFideId "24660256"]
[BlackFideId "24672319"]
[EventCountry "GER"]
[EventRounds "9"]
[EventType "swiss"]
[EventDate "2014.06.07"]

1. e4 c5 2. Nf3 d6 3. d4 cxd4 4. Nxd4 Nf6 5. Nc3 Bd7 6. Bg5 e6 7. Qd2 a6 8. f3
Nc6 9. O-O-O Be7 10. h4 b5 11. Nxc6 Bxc6 12. Ne2 h6 13. Be3 Nd7 14. Kb1 Rc8 15.
Bf2 d5 16. exd5 Bxd5 17. Nf4 Nf6 18. Bd3 Bc4 19. Qe2 Qc7 20. Bg3 Bxd3 21. Rxd3
Qc6 22. Rc3 Qb7 23. Rxc8+ Qxc8 24. Rc1 O-O 25. c4 bxc4 26. Rxc4 Qd7 27. Qd3 Qa7
28. Qc2 Bd6 29. Nxe6 Bxg3 30. Nxf8 Kxf8 31. Rc8+ Ne8 32. Qc5+ Qxc5 33. Rxc5 Ke7
34. Rc6 Nc7 35. Kc2 h5 36. b4 Kd7 37. Rc4 Nd5 38. Kb3 Nf4 39. Rd4+ Kc7 40. Rd2
Bxh4 41. Kc4 Be1 42. Rb2 Kb6 43. a4 h4 44. Kd4 f5 45. b5 g5 46. bxa6+ Kxa6 47.
Rc2 g4 48. Ke5 Nxg2 49. Rxg2 g3 50. Rg1 Bf2 51. Rd1 h3 52. Kf4 g2 53. Rg1 Bxg1
54. Kg3 Bd4 0-1

[Event "DEM U18 2014"]
[Site "Magdeburg GER"]
[Date "2014.06.14"]
[Round "9"]
[White "Kramer, Julian"]
[Black "Kvetny, Mark"]
[Result "1-0"]
[Termination "normal"]
[Board "8"]
[WhiteElo "2129"]
[BlackElo "2279"]
[WhiteClock "00:04:48"]
[BlackClock "00:13:22"]
[PlyCount "125"]
[WhiteFideId "12921742"]
[BlackFideId "24603929"]
[EventCountry "GER"]
[EventRounds "9"]
[EventType "swiss"]
[EventDate "2014.06.07"]

1. e4 c5 2. Nf3 d6 3. d4 cxd4 4. Nxd4 Nf6 5. Nc3 a6 6. Bg5 Nbd7 7. Qe2 Qa5 8.
f4 h6 9. Bh4 g5 10. Nb3 Qc7 11. fxg5 hxg5 12. Bxg5 Bg7 13. O-O-O Ne5 14. Nd4
Bg4 15. Nf3 Qa5 16. Be3 Rc8 17. Bd2 Nc4 18. Qxc4 Rxc4 19. Bxc4 Qc5 20. Bb3 b5
21. Rde1 Bh6 22. Bxh6 Rxh6 23. e5 dxe5 24. Nxe5 Bh5 25. h3 Nd7 26. Nxd7 Kxd7
27. Ne4 Qc6 28. g4 Bxg4 29. Rhf1 Be6 30. Rd1+ Kc8 31. Bxe6+ Rxe6 32. Nd2 f6 33.
h4 Re2 34. Rh1 Qg2 35. Rhg1 Qd5 36. Rg7 e5 37. h5 Rh2 38. Nf1 Qf3 39. Nxh2 Qxh5
40. Rg2 f5 41. Re1 e4 42. Rge2 Kc7 43. Nf1 Kc6 44. Nd2 Qg5 45. Kb1 Kd5 46. Nxe4
fxe4 47. Rxe4 Qf5 48. Re5+ Qxe5 49. Rxe5+ Kxe5 50. b4 Kd5 51. Kb2 Kc4 52. c3
Kd5 53. Kb3 Kd6 54. c4 bxc4+ 55. Kxc4 Kc6 56. a4 Kd6 57. Kd4 Kc6 58. Ke5 Kd7
59. Kd5 Kc7 60. Kc5 Kb7 61. Kd6 Kb6 62. a5+ Kb5 1-0

[Event "DEM U18 2014"]
[Site "Magdeburg GER"]
[Date "2014.06.14"]
[Round "9"]
[White "Xu, Xianliang"]
[Black "Stahnecker, Ludwig"]
[Result "1/2-1/2"]
[Termination "normal"]
[Board "9"]
[WhiteElo "2097"]
[BlackElo "2126"]
[PlyCount "76"]
[WhiteFideId "4603230"]
[BlackFideId "24692026"]
[EventCountry "GER"]
[EventRounds "9"]
[EventType "swiss"]
[EventDate "2014.06.07"]

1. c4 Nf6 2. Nc3 c5 3. e4 Nc6 4. g3 g6 5. Bg2 Bg7 6. Nge2 d6 7. d3 a6 8. O-O
O-O 9. h3 Rb8 10. a4 Nd7 11. Be3 Nd4 12. f4 e6 13. Bf2 Qb6 14. Rb1 Qc7 15. g4
b6 16. Nxd4 cxd4 17. Ne2 e5 18. f5 b5 19. axb5 axb5 20. b3 Nc5 21. Bh4 f6 22.
fxg6 hxg6 23. Rf3 Bd7 24. Qf1 bxc4 25. bxc4 Rxb1 26. Qxb1 f5 27. gxf5 gxf5 28.
exf5 Rxf5 29. Qf1 Rxf3 30. Qxf3 Be6 31. Ng3 Qf7 32. Qxf7+ Kxf7 33. Bf1 Bh6 34.
Ne4 Nxe4 35. dxe4 Ke8 36. Be1 Kd7 37. Bb4 Kc6 38. Kg2 Bf4 1/2-1/2

[Event "DEM U18 2014"]
[Site "Magdeburg GER"]
[Date "2014.06.14"]
[Round "9"]
[White "Meyers, Mark"]
[Black "Zimmermann, Christian"]
[Result "1-0"]
[Termination "normal"]
[Board "10"]
[WhiteElo "1987"]
[BlackElo "2068"]
[PlyCount "101"]
[WhiteFideId "12927716"]
[BlackFideId "24692069"]
[EventCountry "GER"]
[EventRounds "9"]
[EventType "swiss"]
[EventDate "2014.06.07"]

1. Nf3 Nf6 2. g3 g6 3. Bg2 Bg7 4. c4 O-O 5. O-O d5 6. cxd5 Nxd5 7. Nc3 Nb6 8.
d3 Nc6 9. Be3 h6 10. Qc1 Kh7 11. Rd1 Be6 12. Ne4 Nd5 13. Nc5 Qc8 14. Bd2 Nd8
15. e4 Nf6 16. Nxe6 Nxe6 17. Bh3 Rd8 18. Bc3 Ne8 19. d4 Qb8 20. Bxe6 fxe6 21.
e5 c6 22. Qc2 Nc7 23. Nh4 Rd7 24. Nxg6 Kg8 25. Nf4 Qc8 26. Qg6 Qe8 27. Qg4 Qf7
28. Nh5 Kh7 29. Qe4+ Qf5 30. Qxf5+ exf5 31. d5 Rxd5 32. Nf4 Rdd8 33. Kf1 Kg8
34. e6 Bxc3 35. bxc3 Kg7 36. Rd7 Rxd7 37. exd7 Rd8 38. Rd1 Kf7 39. Nd3 Nd5 40.
c4 Nf6 41. Rb1 b6 42. Ne5+ Ke6 43. Re1 Ne4 44. f4 Kf6 45. g4 Nd6 46. h3 Nf7 47.
gxf5 Nd6 48. Ng4+ Kxf5 49. Rxe7 Nxc4 50. Ne5 Kxf4 51. Nxc4 1-0

[Event "DEM U18 2014"]
[Site "Magdeburg GER"]
[Date "2014.06.14"]
[Round "9"]
[White "Ruff, Maximilian"]
[Black "Tennert, Simon"]
[Result "1-0"]
[Termination "normal"]
[Board "11"]
[WhiteElo "2166"]
[BlackElo "2190"]
[PlyCount "65"]
[WhiteFideId "1271670"]
[BlackFideId "1270445"]
[EventCountry "GER"]
[EventRounds "9"]
[EventType "swiss"]
[EventDate "2014.06.07"]

1. e4 e5 2. Nf3 Nc6 3. Bc4 Nf6 4. d3 Bc5 5. c3 a6 6. Bb3 Ba7 7. O-O d6 8. Nbd2
Ne7 9. Re1 Ng6 10. Nf1 O-O 11. Ng3 c6 12. h3 h6 13. d4 Re8 14. Qc2 Qc7 15. Be3
c5 16. a3 b5 17. Rad1 Bb7 18. d5 c4 19. Ba2 Bc8 20. Bb1 Qd8 21. Qd2 Nd7 22. Bc2
Nc5 23. Nh5 Kh7 24. Kh2 Nh4 25. Rg1 Nxf3+ 26. gxf3 Qh4 27. Rxg7+ Kh8 28. Rg3
Qxh5 29. Bxh6 Bd7 30. Bg7+ Kh7 31. Rdg1 f6 32. Bxf6 Rg8 33. Rg7+ 1-0